The sociology of hope /

Bibliographic Details
Main Author: Desroche, Henri
Format: Book
Language:English
French
Published: London ; Boston : Routledge & Kegan Paul, 1979.
Subjects:

MARC

Tag First Indicator Second Indicator Subfields
LEADER 00000cam a2200000 i 4500
001 in00000045436
005 20151007073059.0
008 791228s1979 enk b 00110 eng d
010 |a  79040085  
020 |a 0710003110 
035 |a (OCoLC)05827488 
035 |9 AAE9086AM 
040 |a PKT  |c PKT  |d OCL  |d TXA  |d UtOrBLW 
041 1 |a eng  |a fre 
049 |a TXAM  |c [1421142] 
090 |a BV4638  |b .D4313 
100 1 |a Desroche, Henri. 
245 1 4 |a The sociology of hope /  |c Henri Desroche ; translated from the French by Carol Martin-Sperry. 
264 1 |a London ;  |a Boston :  |b Routledge & Kegan Paul,  |c 1979. 
300 |a vii, 209 pages ;  |c 23 cm. 
336 |a text  |b txt  |2 rdacontent 
337 |a unmediated  |b n  |2 rdamedia 
338 |a volume  |b nc  |2 rdacarrier 
500 |a Translation of Sociologie de l'esperance. 
500 |a Includes index. 
504 |a Bibliography: pages 199-204. 
650 0 |a Hope. 
999 |a MARS 
999 f f |s f2175b22-347d-3d78-a7de-09859e3d6beb  |i fe1e2b70-6c0d-3273-9c33-3f30ea39c86c  |t 0 
952 f f |p ric  |a Texas A&M University  |b Rellis Campus  |c Joint Library Facility  |d Remote Storage  |t 0  |e BV4638 .D4313  |h Library of Congress classification  |i unmediated -- volume  |m A14801805400 
998 f f |a BV4638 .D4313  |t 0  |l Remote Storage